00794 a2200169 4500003000500000005001700005020001500022040000900037082001600046100002500062245009000087260003300177300001000210505036100220650002600581651001700607Nust20230530123936.0 a8177223461 cNust a005.133,MAU aMausil Singh, Suneet aGAME Programming in C/C ++ (Include CD) :bA bieginner's Guide /cSuneet Mausil Singh aNew DelhibDream Techc2003: a384:p aGet Programming (Page-9), Graphics in C/ C++ (Page-17), Scanning Inputs Devices (Page-25), GUI Wizard (Page-31), Animation (Page-59), TetriX (Page-81), Glutton (Page-105), Tank (Page-169), Mine Detector (Page-243), Tryster (Page-269), Chess the Drosophila of AI (Page-309),Try to Make Them (Page-347), Review & Types (Page-367), What’s Ahead (Page-377). aProgramming in C/C ++ a(Include CD)